Záporný oceňovací rozdiel pri nadobudnutí majetkového podielu nepeňažným vkladom

Príklad na účtovanie a daňový dopad nadobudnutia majetkového podielu nepeňažným vkladom.

Na minha lista:
Detalhes bibliográficos
Autor principal: Vágner, Ján
Formato: Capítulo de Livro
Idioma:eslovaco
Assuntos:
Tags: Adicionar Tag
Sem tags, seja o primeiro a adicionar uma tag!

MARC

LEADER 00000naa a2200000 4500
001 r042986
005 20230801095636.5
041 0 |a slo 
044 |a SK 
245 1 0 |a Záporný oceňovací rozdiel pri nadobudnutí majetkového podielu nepeňažným vkladom  |c Ján Vágner 
520 |a Príklad na účtovanie a daňový dopad nadobudnutia majetkového podielu nepeňažným vkladom. 
610 2 0 |a majetok 
610 2 0 |a majetok hmotný 
610 2 0 |a majetok podnikový 
610 2 0 |a nehnuteľnosti 
610 2 0 |a náklady daňové 
610 2 0 |a cena nehnuteľností 
100 1 |a Vágner, Ján